000
00320nam a22001337a 4500
003
SGT
020
_a
978-81-8457-761-7
082
_a
616.855
_b
L17D
100
_a
DALAI, PRABHASH R.
245
_a
LANGUAGE AND COMMUNICATION FOR HEARING IMPAIRMENT
260
_a
INDIA
_b
KANISHKA
_c
2017
300
_a
205
942
_2
ddc
_c
BK
999
_c
15460
_d
15460